Pflanzen mit A - Statistiken

Allgemein
  • Dieses Quiz wurde 176 mal gespielt
  • Das Durchschnittsergebnis liegt bei 11 aus 23
Antwortstatistiken
Hinweis Antwort % Korrekt
Kanada Ahorn
91%
Guacamole Avocado
84%
Hautpflege-Gel Aloe vera
79%
Ouzo Anis
71%
Sammelbalgfrucht Apfel
67%
Tequila Agave
64%
Marmelade Aprikose
59%
Moussaka Aubergine
56%
harte Schale, weicher Kern Ananas
53%
Pizza capricciosa Artischocke
50%
Blume des Jahres 1986, Arzneipflanze des Jahres 2001 Arnika
48%
Windröschen Anemone
44%
Hahnenfußgewächs, Zierpflanze Akelei
40%
Gebirgsblume Alpenveilchen
39%
Korbblütler, Zierpflanze Aster
38%
Pseudogetreide, seit 9000 Jahren kultiviert Amarant
33%
Busch oder Baum, Tropen und Subtropen Akazie
27%
giftige Heil- und Zauberpflanze Alraune
25%
Hülsenfrucht für Mensch und Vieh Ackerbohne
22%
blühender Kleinstrauch für Garten und Zimmer Azalee
21%
dicker Stamm als Wasserspeicher Affenbrotbaum
15%
biblisches Handwerkszeug Aronstab
13%
Zierpflanze aus Südafrika Amaryllis
10%
Keine übereinstimmenden Quizze gefunden
Verteilung der Resultate
Anzahl Personen mit jedem Resultat
Perzentil nach korrekt beantworteten Fragen
Ihre Resultats-Entwicklung
Sie haben dieses Quiz noch nicht gespielt